Històries i llegendes de l'any vuit : recull de cultura oral del Montnegre (1) / Daniel Rangil recull de cultura oral del Montnegre (1) / Daniel Rangil
ISBN:
978-84-612-2455-5
Descripción Física:
v. : il. ; 21 cm
MARC
| LEADER | 00000nam a2200000Ia 4500 | ||
|---|---|---|---|
| 001 | 20525 | ||
| 008 | 160829s2008 xx 000 0 cat d | ||
| 020 | |a 978-84-612-2455-5 (o.c.), 978-84-612-2456-2 (v.1) | ||
| 080 | |a H-3-66 | ||
| 100 | |a Rangil i Brunet, Daniel |9 46246 | ||
| 245 | |a Històries i llegendes de l'any vuit : |b recull de cultura oral del Montnegre (1) / Daniel Rangil | ||
| 260 | |a Barcelona : |b Daniel Rangil i Brunet, |c 2008 | ||
| 300 | |a v. : |b il. ; |c 21 cm | ||
| 590 | |a Referències bibliogràfiques. | ||
| 590 | |a Amb la col·laboració del Parc del Montnegre i el Corredor de la Xarxa de Parcs Naturals de la Diputació de Barcelona | ||
| 650 | |a Catalunya |x Història |x Relats personals |9 46247 | ||
| 650 | 0 | |a Llegendes |z Catalunya |9 34016 | |
| 651 | 0 | |a Montnegre (Catalunya : Massís) |9 51015 | |
| 866 | |a 1 | ||
| 901 | |a Arxiu | ||
| 942 | |n 1 | ||
| 952 | |0 0 |1 0 |4 0 |6 H366 |7 1 |9 53104 |a Arxiu |b Arxiu |d 2016-12-01 |l 0 |o H-3-66 |p 20525 |r 2016-12-01 00:00:00 |w 2016-12-01 |y ARXIU | ||
| 999 | |c 56953 |d 56953 | ||